| 000 | 00687cam a22001694a 4500 | ||
|---|---|---|---|
| 005 | 20250605164344.0 | ||
| 008 | 250528s ||||||||||||||||||||||||d | ||
| 035 | _a23792 | ||
| 040 |
_aGR-AtMCL _bgre _dGR-AtMCL _eAACR2 |
||
| 245 | 1 | _aGreat Minds Discuss Ideas. Average Minds Discuss Events. Small Minds Discuss People/A Discursive Analysis of Celebrity Gossip and Its Revision of Readers' Life | |
| 260 | _c2017 | ||
| 520 | _aTitle Page, Declaration and Acknowledgements, Table of Contents, Abstract, Introduction, Method, Analysis, Discussion, Appendices, PDP Element and Application Letter. | ||
| 700 | 1 |
_aFania Maria _99322 |
|
| 942 | _cDS | ||
| 999 |
_c8727 _d8727 |
||